Wordt geladen...

Principles of anatomy and physiology /

Bibliografische gegevens
Hoofdauteur: Tortora, Gerard J.
Andere auteurs: Grabowski, Sandra Reynolds
Formaat: Printed Book
Taal:English
Gepubliceerd in: New York, NY : HarperCollins College, c1996.
Editie:8th ed.
Onderwerpen:
LEADER 01104cam a2200289 a 4500
008 950620s1996 nyua 001 0 eng c
010 |a  95023451  
020 |a 067399354X (student ed.) 
020 |a 0673993558 (instructor ed.) 
060 1 0 |a QS 4 T712p 1996 
082 0 0 |a 612  |2 23 
100 1 |a Tortora, Gerard J. 
245 1 0 |a Principles of anatomy and physiology /  |c Gerard J. Tortora, Sandra Reynolds Grabowski. 
250 |a 8th ed. 
260 |a New York, NY :  |b HarperCollins College,  |c c1996. 
300 |a 1 v. (various pagings) : 
500 |a Includes index. 
650 0 |a Human anatomy. 
650 0 |a Human physiology. 
650 1 2 |a Anatomy. 
650 2 2 |a Physiology. 
700 1 |a Grabowski, Sandra Reynolds. 
906 |a 7  |b cbc  |c orignew  |d 1  |e ocip  |f 19  |g y-gencatlg 
942 |c BK 
955 |a pc05 to NLM 06-20-95; yn05 06-29-95; jc02 06-30-95; jc13 06-30-95; CIP ver. pv01 11-02-95 
999 |c 123936  |d 123936 
952 |0 0  |1 0  |2 ddc  |4 0  |6 612_000000000000000_TOR_P  |7 0  |9 137174  |a LIF  |b LIF  |c ST1  |d 2009-08-02  |i 1789  |l 12  |m 23  |o 612 TOR/P  |p LIF1789  |q 2022-01-20  |r 2021-08-13  |s 2021-08-13  |x PAGES DAMAGED  |y BK